Normal view
MARC view
- Banks, John Houston, 1911-
Entry Personal Name
001 - CONTROL NUMBER
- control field: 19449
003 - CONTROL NUMBER IDENTIFIER
- control field: OSt
005 - DATE AND TIME OF LATEST TRANSACTION
- control field: 20110223163315.0
008 - FIXED-LENGTH DATA ELEMENTS
- fixed length control field: 110223|||a|||||| | ||| d
040 ## - CATALOGING SOURCE
- Original cataloging agency: OSt
- Transcribing agency: OSt
100 ## - HEADING--PERSONAL NAME
- Personal name: Banks, John Houston, 1911-
670 ## - SOURCE DATA FOUND
- Source citation: Work cat.: (OSt): Banks, John Houston, 1911-, Learning and teaching arithmetic , 1964
670 ## - SOURCE DATA FOUND
- Source citation: Work cat.: (OSt): Banks, John Houston, 1911-, Learning and teaching arithmetic , 1964
